Germany Immigration By Country - Extreme - Statistics

General Stats
  • This quiz has been taken 58 times
  • The average score is 48 of 57
Answer Stats
Total Country % Correct
121,040 United States
100%
145,300 Iran
98%
315,600 Iraq
98%
1,51 mil Turkey
98%
86,000 United Kingdom
98%
40,100 Belgium
95%
148,600 China
95%
411,500 Greece
95%
227,800 India
95%
644,350 Italy
95%
275,660 Serbia
95%
193,490 Spain
95%
943,000 Syria
95%
1,16 mil Ukraine
95%
185,550 Austria
93%
251,330 Bosnia and Herzegovina
93%
889,400 Poland
93%
146,930 Portugal
93%
883,670 Romania
93%
290,810 Russia
93%
436,550 Croatia
90%
95,600 Czech Republic
90%
139,500 France
90%
115,900 Morocco
90%
150,990 Netherlands
90%
94,960 Pakistan
90%
397,240 Afghanistan
88%
128,000 Albania
88%
41,830 Japan
88%
41,370 Switzerland
88%
95,640 Belarus
85%
178,770 Brazil
85%
430,670 Bulgaria
85%
215,440 Hungary
85%
87,000 Slovakia
85%
48,000 Kazakhstan
83%
102,800 Nigeria
83%
66,700 Slovenia
83%
120,500 Vietnam
83%
45,200 Egypt
80%
42,440 Latvia
80%
47,880 Tunisia
80%
288,700 Kosovo
78%
75,390 Lithuania
78%
80,430 South Africa
78%
42,300 Colombia
76%
60,330 Moldova
76%
149,670 North Macedonia
76%
55,810 Somalia
76%
77,460 Argentina
73%
61,300 Thailand
73%
46,000 Lebanon
71%
46,500 Venezuela
71%
43,160 Yemen
59%
84,100 Eritrea
56%
45,550 Ghana
54%
40,000 Namibia
41%
No matching quizzes found
Score Distribution
Percent of People with Each Score
Percentile by Number Answered
Your Score History
You have not taken this quiz